| 000 | 00420nam a2200169Ia 4500 | ||
|---|---|---|---|
| 008 | 151213s9999 xx 000 0 und d | ||
| 020 | _a984438066-9 | ||
| 100 | _aBulbul Ahmed | ||
| 245 |
_aThe Juvenile Justice System In Bangladesh _cBulbul Ahmed |
||
| 250 | _a1st | ||
| 260 |
_aDhaka _bKhoshroz Kitab Mahal _c2009 |
||
| 300 | _a7526 p. | ||
| 650 | _aLaw | ||
| 650 | _aLaw | ||
| 700 | _aBulbul Ahmed | ||
| 999 |
_c3992 _d3992 |
||